Manuel Uribe Ángel : (Registro nro. 7111)
[ vista simple ]
| 000 -LEADER | |
|---|---|
| fixed length control field | 01174cam a22002657a 4500 |
| 001 - CONTROL NUMBER | |
| control field | 12236107 |
| 003 - CONTROL NUMBER IDENTIFIER | |
| control field | OSt |
| 005 - DATE AND TIME OF LATEST TRANSACTION | |
| control field | 20210205120706.0 |
| 008 - FIXED-LENGTH DATA ELEMENTS--GENERAL INFORMATION | |
| fixed length control field | 001120s1998 ck a 000 0 spa |
| 020 ## - INTERNATIONAL STANDARD BOOK NUMBER | |
| International Standard Book Number | 9583005428 |
| 040 ## - CATALOGING SOURCE | |
| Original cataloging agency | DLC |
| Transcribing agency | CO-JJMCR |
| 041 0# - LANGUAGE CODE | |
| Language code of text/sound track or separate title | spa |
| 082 04 - DEWEY DECIMAL CLASSIFICATION NUMBER | |
| Classification number | 926.1 / |
| Item number | L925m |
| Edition number | 23 |
| 100 1# - MAIN ENTRY--PERSONAL NAME | |
| Personal name | Lozano, Pilar. |
| Relator term | autora |
| 9 (RLIN) | 13055 |
| 245 10 - TITLE STATEMENT | |
| Title | Manuel Uribe Ángel : |
| Remainder of title | el médico y geógrafo que amó a su país / |
| Statement of responsibility, etc. | Pilar Lozano ; ilustraciones, Liliana Ramos. |
| 250 ## - EDITION STATEMENT | |
| Edition statement | Primera edición |
| 260 ## - PUBLICATION, DISTRIBUTION, ETC. | |
| Place of publication, distribution, etc. | Santafé de Bogotá, Colombia : |
| Name of publisher, distributor, etc. | Colciencias : |
| -- | Panamericana Editorial, |
| Date of publication, distribution, etc. | 1998. |
| 300 ## - PHYSICAL DESCRIPTION | |
| Extent | 76 páginas : |
| Other physical details | ilustraciones a color ; |
| Dimensions | 28 cm. |
| 520 0# - SUMMARY, ETC. | |
| Summary, etc. | De niño Manuel Uribe Ángel se trepaba a los arboles, perseguía el vuelo de los pájaros, se embobaba con el atardecer y con las formas y colores de las hojas. |
| Uniform Resource Identifier | <a href="tapa posterior.">tapa posterior.</a> |
| 650 24 - SUBJECT ADDED ENTRY--TOPICAL TERM | |
| Topical term or geographic name entry element | Uribe Ángel, Manuel |
| General subdivision | Literatura infantil |
| Chronological subdivision | 1822-1904 |
| 9 (RLIN) | 13056 |
| 650 24 - SUBJECT ADDED ENTRY--TOPICAL TERM | |
| Topical term or geographic name entry element | Geógrafos colombianos |
| General subdivision | Literatura infantil |
| -- | Biografías |
| 9 (RLIN) | 13057 |
| 650 24 - SUBJECT ADDED ENTRY--TOPICAL TERM | |
| Topical term or geographic name entry element | Médicos colombianos |
| General subdivision | Literatura infantil |
| -- | Biografías |
| 9 (RLIN) | 13058 |
| 700 1# - ADDED ENTRY--PERSONAL NAME | |
| Personal name | Ramos, Liliana, |
| Relator term | ilustradora |
| 9 (RLIN) | 13059 |
| 942 ## - ADDED ENTRY ELEMENTS (KOHA) | |
| Source of classification or shelving scheme | Dewey Decimal Classification |
| Koha item type | Books |
| Withdrawn status | Lost status | Source of classification or shelving scheme | Damaged status | Not for loan | Home library | Current library | Shelving location | Date acquired | Source of acquisition | Total Checkouts | Full call number | Barcode | Date last seen | Date last checked out | Copy number | Price effective from | Koha item type |
|---|---|---|---|---|---|---|---|---|---|---|---|---|---|---|---|---|---|
| Dewey Decimal Classification | Biblioteca Pública José María del Castillo y Rada | Biblioteca Pública José María del Castillo y Rada | Children's Area | 10/02/2020 | Donación | 3 | 926.1 / L925m | 201810485 | 06/12/2024 | 06/12/2024 | Ej.1 | 10/02/2020 | Books |